Countries With the Most Water Area - Statistics

General Stats
  • This quiz has been taken 88 times
  • The average score is 9 of 12
Answer Stats
Area (sq. km) Country % Correct
720,500 Russia
99%
470,131 United States
99%
891,163 Canada
97%
157,638 Brazil
93%
137,060 China
93%
314,070 India
92%
93,657 Indonesia
85%
100,210 Colombia
61%
116,600 Iran
60%
61,564 Tanzania
48%
104,300 Ethiopia
39%
77,810 D.R. Congo
35%
No matching quizzes found
Score Distribution
Percent of People with Each Score
Percentile by Number Answered
Your Score History
You have not taken this quiz